Kontra-punkte: für zehn Instrumente
Na minha lista:
| Autor principal: | |
|---|---|
| Formato: | Livro |
| Idioma: | alemão inglês francês |
| Publicado em: |
Viena
Universal Editon
1953
|
| Colecção: | Philharmonia, 396
|
| Assuntos: | |
| Tags: |
Adicionar Tag
Sem tags, seja o primeiro a adicionar uma tag!
|
MARC
| LEADER | 00000nam a2200000 a 4500 | ||
|---|---|---|---|
| 001 | UCX7840 | ||
| 003 | CL-VaPUC | ||
| 005 | 20231024104051.0 | ||
| 008 | 940107e19530000AU |||||||||||||||||ger|d | ||
| 999 | |c 227531 |d 227529 | ||
| 040 | |c Pontificia Universidad Católica de Valparaíso | ||
| 041 | 0 | 7 | |a ger |2 CL-VaPUC |
| 041 | 0 | 7 | |a eng |2 CL-VaPUC |
| 041 | 0 | 7 | |a fre |2 CL-VaPUC |
| 082 | 0 | 4 | |a Mn785.22 STO 1953 |2 21 |
| 100 | |a Stockhausen, Karlheinz |e author |9 306775 | ||
| 245 | 1 | 0 | |a Kontra-punkte: für zehn Instrumente |
| 260 | |a Viena |b Universal Editon |c 1953 | ||
| 300 | |a 80 p | ||
| 490 | 0 | |a Philharmonia, 396 | |
| 583 | |a last modification |c 19940107 00:00:00 |k Rodrigo Vera | ||
| 650 | 0 | |a Música de cámara |2 CL-VaPUC |9 306547 | |
| 650 | 0 | |a Música para vientos de madera, vientos de bronce, cuerdas y piano |2 CL-VaPUC |9 324764 | |
| 650 | 0 | |a Música contemporánea |9 306742 | |
| 650 | 0 | |a Compositores alemanes |9 324765 | |
| 650 | 0 | |a Música alemana |2 CL-VaPUC |9 391247 |y siglo 20 | |
| 942 | |c BK |2 ddc | ||
| 945 | |d 19940107 00:00:00 |a nfarias | ||
| 952 | |0 0 |1 0 |4 0 |6 MN_785_220000000000000_STO_1953 |7 0 |8 A |9 226634 |a BIBEDU |b BIBEDU |d 2019-11-15 |i 2958880 |o Mn785.22 STO 1953 |p 2958880 |r 2023-01-12 |w 2019-11-15 |y BK |k MUS | ||
| 952 | |0 0 |1 0 |4 0 |6 MN_785_220000000000000_STO_1953 |7 0 |8 A |9 226635 |a BIBEDU |b BIBEDU |d 2019-11-15 |i 1156926 |o Mn785.22 STO 1953 |p 1156926 |r 2023-01-12 |w 2019-11-15 |y BK |k MUS | ||